| 000 | 00691nam a2200217Ia 4500 | ||
|---|---|---|---|
| 003 | GCL | ||
| 008 | 140319s9999 xx 000 0 ara d | ||
| 040 |
_aGCL / _cGCL |
||
| 082 | 0 | 4 |
_a956.905 _bا ا |
| 100 | 1 | _aاحمد صدقى الدجانى | |
| 245 | 1 | 0 |
_aالانتفاضة الفلسطنية وزلزال الخليج / _cاحمد صدقى الدجانى |
| 260 |
_a[S.N] : _bدار المستقبل العربى ، _c1991 |
||
| 300 | _a505 ص | ||
| 490 | _a | ||
| 650 | 0 | 4 | _aالعالم العربى |
| 650 | 0 | 4 | _aالاحوال السياسية |
| 650 | 0 | 4 | _aفلسطين |
| 650 | 0 | 4 | _aالقضية الفلسطينية |
| 650 | 0 | 4 | _aحرب الخليج |
| 942 |
_2ddc _cBK |
||
| 999 |
_c29090 _d29090 |
||